| 000 | 01792nam a2200253Ia 4500 | ||
|---|---|---|---|
| 003 | Ost | ||
| 005 | 20260507075529.0 | ||
| 008 | 260507s9999||||xx |||||||||||||| ||und|| | ||
| 020 | _a52948499319 | ||
| 040 | _cfsecg | ||
| 041 | _aara | ||
| 082 | _a330 | ||
| 100 |
_aبدر خضرة، جلال _eمؤلف |
||
| 245 | 0 |
_aإدارة الأعمال السياحية / _c جلال بدر خضرة |
|
| 260 |
_aقسنطينة: _bألف للوثائق, _c2017 |
||
| 300 |
_a503 صفحة؛ _bإيضاحات ؛ _c25 سم |
||
| 504 | _aببلوغرافيا:ص.495 | ||
| 520 | _aالسياحة والإدارة -ادارة السياحة وبنيتها -وظائف ادارة أعمال السياحة ومبادئها -الطرق المنهجية لإدارة الاعمال -التخطيط الاستراتيجي في منظمات ادارة الاعمال السياحية -اسلوب القيادة الادارية السياحية -خصائص مدير الاعمال -القرارات الادارية -ادارة ملاك المؤسسة السياحية -إ دارة عمليات العمل في السياحة -الدافعية والتحفيز والروح المعنوية والاحتراق النفسي وانعكاساته في الاعمال السياحية -الرقابة في دارة الاعمال السياحية -درجة الفاعلية لإدارة الاعمال السياحية وتنظيمها -التنمية والتدريب في ادارة الاعمال السياحية -أزمات التوتر التنظيم وطرق حلها. | ||
| 653 | _aإدارة الاعمال | ||
| 653 | _aالسياحة | ||
| 700 |
_aكافي، مصطفي يوسف _eمؤلف ثانوي |
||
| 700 |
_aمخلوف، هنادي محمد _eمؤلف ثانوي |
||
| 942 | _cكتاب | ||
| 999 |
_c44810 _d44810 |
||